Platón : los seis grandes temas de su filosofía

Guardat en:
Dades bibliogràfiques
Autor principal: Gómez Robledo, Antonio
Format: Llibre
Idioma:Undetermined
Publicat: México, Distrito Federal Fondo de Cultura Económica 1986
Matèries:
Etiquetes: Afegir etiqueta
Sense etiquetes, Sigues el primer a etiquetar aquest registre!

MARC

LEADER 00000nam a2200000Ia 4500
008 170316s9999 xx 000 0 und d
040 |a cru BVZT 
090 |a 100 G-37p 
100 |a Gómez Robledo, Antonio 
245 |a Platón : los seis grandes temas de su filosofía 
260 |a México, Distrito Federal 
260 |b Fondo de Cultura Económica 
260 |c 1986 
300 |a 623 páginas 
520 |b Interpretación del autor sobre el pensamiento de Platón, a sabiendas de que después de casi dos milenios y medio no tiene sentido “innovar” sobre las temáticas platónicas, pero que por la amplia apertura de su pensamiento siempre da algo nuevo que decir. Como bien lo dice su título, se toman seis grandes ejes temáticos o problemas de la filosofía del pensador ateniense y en diálogo con varios intérpretes a lo largo de la tradición, se expone y problematiza cada cuestión. Contextualiza la cultural de la época, por lo que brinda una imagen personalizada del gran filósofo de la antigüedad griega. 
650 |a FILOSOFÍA GRIEGA 
999 |c 16313  |d 16313 
942 |c 15 D  |h 100 G-37p  |2 z